000 00855 a2200253 4500
005 20251022103734.0
008 251022b |||||||| |||| 00| 0 eng d
020 _a9781041195375 (hbk)
037 _cTB
040 _aCRL
_cCRL
041 _2eng
_aeng
084 _aV2y7M690aY5927 R6
_qCRL
100 _aUpadhyay, Shashi Bhushan
_9821308
245 _aGandhi and the caste question in colonial India
260 _aLondon, UK;
_aNew York, USA:
_bRoutledge,
_c2026.
300 _aviii, 315p.
365 _b1595.00
_cINR
650 _aIndian - History
_9849095
650 _aGandhi
_9849096
650 _aSociology
_9849097
650 _aCaste
_9849098
942 _cTB
_2CC
_n0
_hV2y7M690aY5927 R6
999 _c1435419
_d1435419